[Event "Team Championship Russia (Blitz, Men)"]
[Site "Sochi"]
[Date "2018.10.10"]
[Round "13.11"]
[White "Maletin, Pavel"]
[Black "Kozak, Alexander"]
[Result "1-0"]
[BlackElo "2431"]
[WhiteElo "2637"]
[LiveChessVersion "1.4.8"]

1. c4 {[%clk 0:03:03]} f5 {[%clk 0:03:02]} 2. g3 {[%clk 0:03:03]} Nf6
{[%clk 0:03:01]} 3. d4 {[%clk 0:03:04]} e6 {[%clk 0:02:59]} 4. Bg2 d5 5. Nf3
{[%clk 0:03:03]} c6 {[%clk 0:03:01]} 6. O-O {[%clk 0:03:03]} Bd6 {[%clk 0:03:03]}
7. Nbd2 {[%clk 0:03:01]} Nbd7 {[%clk 0:03:03]} 8. Ne1 {[%clk 0:03:02]} O-O 9. Nd3
Qe8 {[%clk 0:02:47]} 10. Nf3 {[%clk 0:02:55]} Ne4 {[%clk 0:02:28]} 11. Bf4
{[%clk 0:02:46]} Be7 {[%clk 0:02:28]} 12. Nfe5 {[%clk 0:02:37]} g5
{[%clk 0:02:12]} 13. Bc1 {[%clk 0:02:38]} Nxe5 {[%clk 0:02:00]} 14. Nxe5
{[%clk 0:02:38]} Bf6 {[%clk 0:01:50]} 15. b3 {[%clk 0:02:32]} a5 {[%clk 0:01:26]}
16. Ba3 {[%clk 0:02:31]} Be7 {[%clk 0:01:22]} 17. Bxe7 {[%clk 0:02:29]} Qxe7
{[%clk 0:01:23]} 18. Qc2 {[%clk 0:02:17]} Bd7 {[%clk 0:01:21]} 19. f3
{[%clk 0:02:12]} Nd6 {[%clk 0:01:15]} 20. e4 {[%clk 0:02:13]} f4 {[%clk 0:00:58]}
21. Rae1 {[%clk 0:02:07]} Qg7 {[%clk 0:00:52]} 22. Bh3 {[%clk 0:01:46]} Bc8
{[%clk 0:00:49]} 23. c5 {[%clk 0:01:29]} Nb5 {[%clk 0:00:44]} 24. Qd2
{[%clk 0:01:26]} a4 {[%clk 0:00:41]} 25. b4 {[%clk 0:01:25]} a3 {[%clk 0:00:38]}
26. gxf4 {[%clk 0:01:21]} Rxf4 {[%clk 0:00:33]} 27. Kh1 {[%clk 0:01:22]} Rh4
{[%clk 0:00:16]} 28. Rg1 {[%clk 0:01:18]} h6 {[%clk 0:00:17]} 29. Bg4
{[%clk 0:01:16]} Ra4 {[%clk 0:00:07]} 30. f4 {[%clk 0:01:16]} Ra8
{[%clk 0:00:07]} 31. fxg5 {[%clk 0:01:14]} hxg5 {[%clk 0:00:06]} 32. Bf3
{[%clk 0:01:14]} g4 {[%clk 0:00:03]} 33. Bxg4 {[%clk 0:01:12]} 1-0

[Event "Team Championship Russia (Blitz, Men)"]
[Site "Sochi"]
[Date "2018.10.10"]
[Round "13.14"]
[White "Lysyj, Igor"]
[Black "Dilmukhametov, Artur"]
[Result "1-0"]
[BlackElo "2375"]
[WhiteElo "2575"]
[LiveChessVersion "1.4.8"]

1. d4 {[%clk 0:03:03]} d5 {[%clk 0:03:02]} 2. c4 {[%clk 0:03:04]} c6
{[%clk 0:03:03]} 3. Nf3 {[%clk 0:03:04]} Nf6 {[%clk 0:03:04]} 4. g3
{[%clk 0:03:05]} dxc4 {[%clk 0:02:50]} 5. Bg2 {[%clk 0:03:06]} b5
{[%clk 0:02:29]} 6. Ne5 {[%clk 0:03:07]} Bb7 {[%clk 0:02:29]} 7. O-O
{[%clk 0:03:07]} a6 {[%clk 0:02:30]} 8. b3 {[%clk 0:03:04]} cxb3 {[%clk 0:02:27]}
9. axb3 {[%clk 0:03:01]} e6 {[%clk 0:02:25]} 10. Bb2 {[%clk 0:02:54]} Be7
{[%clk 0:02:24]} 11. Nc3 {[%clk 0:02:52]} O-O {[%clk 0:02:21]} 12. Ne4
{[%clk 0:02:46]} Nfd7 {[%clk 0:02:18]} 13. Qc2 {[%clk 0:02:41]} Qb6
{[%clk 0:02:02]} 14. Nd3 {[%clk 0:02:22]} Nf6 {[%clk 0:01:35]} 15. Nec5
{[%clk 0:02:19]} Nd5 {[%clk 0:01:26]} 16. Rfc1 {[%clk 0:02:00]} Rc8
{[%clk 0:01:24]} 17. e4 {[%clk 0:01:34]} Nf6 {[%clk 0:01:25]} 18. Nxb7
{[%clk 0:01:24]} Qxb7 {[%clk 0:01:26]} 19. d5 {[%clk 0:01:26]} c5
{[%clk 0:01:16]} 20. d6 {[%clk 0:01:14]} Bd8 {[%clk 0:00:55]} 21. Nxc5
{[%clk 0:01:08]} Qa7 {[%clk 0:00:56]} 22. b4 {[%clk 0:01:01]} Nc6
{[%clk 0:00:50]} 23. Rxa6 {[%clk 0:00:47]} Qb8 {[%clk 0:00:23]} 24. Rxa8
{[%clk 0:00:47]} Qxa8 {[%clk 0:00:24]} 25. Qd2 {[%clk 0:00:48]} e5
{[%clk 0:00:24]} 26. Ra1 {[%clk 0:00:40]} Qb8 {[%clk 0:00:17]} 27. Bh3
{[%clk 0:00:40]} 1-0

[Event "Team Championship Russia (Blitz, Men)"]
[Site "Sochi"]
[Date "2018.10.10"]
[Round "13.16"]
[White "Gutenev, Alexander"]
[Black "Pogromsky, Mikhail"]
[Result "1-0"]
[BlackElo "2462"]
[WhiteElo "2440"]
[LiveChessVersion "1.4.8"]

1. e4 {[%clk 0:03:03]} Nf6 {[%clk 0:03:04]} 2. e5 {[%clk 0:03:04]} Nd5
{[%clk 0:03:05]} 3. d4 {[%clk 0:03:06]} d6 {[%clk 0:03:07]} 4. c4
{[%clk 0:03:07]} Nb6 {[%clk 0:03:08]} 5. exd6 {[%clk 0:03:09]} exd6
{[%clk 0:03:09]} 6. Nc3 {[%clk 0:03:09]} Be7 {[%clk 0:03:10]} 7. Bd3
{[%clk 0:03:09]} Nc6 {[%clk 0:03:08]} 8. Be3 {[%clk 0:03:04]} O-O
{[%clk 0:03:07]} 9. b3 {[%clk 0:03:01]} Re8 {[%clk 0:03:06]} 10. Nge2
{[%clk 0:03:00]} Bg4 {[%clk 0:03:07]} 11. O-O {[%clk 0:02:52]} Bf6
{[%clk 0:02:59]} 12. Qd2 {[%clk 0:02:49]} Qd7 {[%clk 0:02:42]} 13. f3
{[%clk 0:02:42]} Bf5 {[%clk 0:02:43]} 14. Be4 {[%clk 0:02:43]} Bg6
{[%clk 0:02:34]} 15. Rad1 {[%clk 0:02:34]} Rab8 {[%clk 0:02:11]} 16. Nf4
{[%clk 0:02:21]} Bg5 {[%clk 0:02:06]} 17. Nxg6 {[%clk 0:02:09]} Bxe3+
{[%clk 0:02:05]} 18. Qxe3 {[%clk 0:02:10]} hxg6 {[%clk 0:02:06]} 19. Qf4
{[%clk 0:02:01]} Ne7 {[%clk 0:01:58]} 20. c5 {[%clk 0:01:42]} Nbc8
{[%clk 0:01:51]} 21. Qg5 {[%clk 0:01:39]} c6 {[%clk 0:01:44]} 22. d5
{[%clk 0:01:35]} cxd5 {[%clk 0:01:26]} 23. Nxd5 {[%clk 0:01:35]} Nxd5
{[%clk 0:01:21]} 24. Bxd5 {[%clk 0:01:16]} Re5 {[%clk 0:00:48]} 25. Qg3
{[%clk 0:00:56]} Qe7 {[%clk 0:00:29]} 26. cxd6 {[%clk 0:00:46]} Nxd6
{[%clk 0:00:29]} 27. f4 {[%clk 0:00:40]} Re3 {[%clk 0:00:31]} 28. Qxg6
{[%clk 0:00:32]} Re2 {[%clk 0:00:21]} 29. Qg3 {[%clk 0:00:25]} Nf5
{[%clk 0:00:20]} 30. Qd3 {[%clk 0:00:21]} Qe3+ {[%clk 0:00:17]} 31. Kh1
{[%clk 0:00:11]} Qxd3 {[%clk 0:00:18]} 32. Rxd3 {[%clk 0:00:12]} Ne3
{[%clk 0:00:19]} 33. Bf3 {[%clk 0:00:05]} 1-0

[Event "Team Championship Russia (Blitz, Men)"]
[Site "Sochi"]
[Date "2018.10.10"]
[Round "13.17"]
[White "Artemiev, Vladislav"]
[Black "Potapov, Pavel"]
[Result "1-0"]
[BlackElo "2459"]
[WhiteElo "2849"]
[LiveChessVersion "1.4.8"]

1. d4 {[%clk 0:02:46]} d5 {[%clk 0:03:02]} 2. c4 {[%clk 0:02:47]} e5
{[%clk 0:03:03]} 3. dxe5 {[%clk 0:02:45]} d4 {[%clk 0:03:04]} 4. Nf3
{[%clk 0:02:46]} Nc6 {[%clk 0:03:05]} 5. g3 {[%clk 0:02:47]} Nge7
{[%clk 0:03:06]} 6. Bg2 {[%clk 0:02:48]} Ng6 {[%clk 0:03:06]} 7. O-O
{[%clk 0:02:49]} Ngxe5 {[%clk 0:03:06]} 8. Nxe5 {[%clk 0:02:45]} Nxe5
{[%clk 0:03:06]} 9. b3 {[%clk 0:02:45]} Be7 {[%clk 0:02:57]} 10. Bb2
{[%clk 0:02:41]} Bf6 {[%clk 0:02:57]} 11. Nd2 {[%clk 0:02:38]} c5
{[%clk 0:01:54]} 12. b4 {[%clk 0:02:23]} cxb4 {[%clk 0:01:30]} 13. Ne4
{[%clk 0:02:21]} Nc6 {[%clk 0:01:27]} 14. Nxf6+ {[%clk 0:02:18]} Qxf6
{[%clk 0:01:27]} 15. e3 {[%clk 0:02:14]} O-O {[%clk 0:01:18]} 16. exd4
{[%clk 0:02:03]} Rd8 {[%clk 0:01:08]} 17. Qd2 {[%clk 0:02:04]} Nxd4
{[%clk 0:00:27]} 18. Rad1 {[%clk 0:02:05]} Nf3+ {[%clk 0:00:25]} 19. Bxf3
{[%clk 0:02:06]} Rxd2 {[%clk 0:00:26]} 20. Bxf6 {[%clk 0:02:07]} Rxd1
{[%clk 0:00:26]} 21. Rxd1 {[%clk 0:02:08]} gxf6 {[%clk 0:00:27]} 22. Rd8+
{[%clk 0:02:10]} Kg7 {[%clk 0:00:24]} 23. Bg4 {[%clk 0:02:11]} Bxg4
{[%clk 0:00:22]} 24. Rxa8 {[%clk 0:02:12]} a6 {[%clk 0:00:23]} 25. Rb8
{[%clk 0:01:42]} Bf3 {[%clk 0:00:24]} 26. Kf1 {[%clk 0:01:43]} h5
{[%clk 0:00:20]} 27. Ke1 {[%clk 0:01:44]} Kg6 {[%clk 0:00:19]} 28. Kd2
{[%clk 0:01:45]} Kf5 {[%clk 0:00:17]} 29. Ke3 {[%clk 0:01:47]} Bc6
{[%clk 0:00:18]} 30. Rh8 {[%clk 0:01:47]} Kg4 {[%clk 0:00:11]} 31. Rh7
{[%clk 0:01:43]} a5 {[%clk 0:00:09]} 32. Rxf7 {[%clk 0:01:41]} a4
{[%clk 0:00:10]} 33. Kd2 {[%clk 0:00:57]} f5 {[%clk 0:00:10]} 34. h3+
{[%clk 0:00:49]} Kxh3 {[%clk 0:00:08]} 35. Rxf5 {[%clk 0:00:50]} Kg4
{[%clk 0:00:06]} 36. Rf4+ {[%clk 0:00:50]} Kg5 {[%clk 0:00:07]} 37. c5
{[%clk 0:00:50]} b3 {[%clk 0:00:08]} 38. axb3 {[%clk 0:00:51]} axb3
{[%clk 0:00:08]} 39. Rd4 {[%clk 0:00:41]} Kf5 {[%clk 0:00:07]} 40. Kc3
{[%clk 0:00:42]} Ke5 {[%clk 0:00:08]} 41. Rh4 {[%clk 0:00:32]} Kd5 1-0

[Event "Team Championship Russia (Blitz, Men)"]
[Site "Sochi"]
[Date "2018.10.10"]
[Round "13.19"]
[White "Timofeev, Artyom"]
[Black "Belyakov, Bogdan"]
[Result "1-0"]
[BlackElo "2464"]
[WhiteElo "2610"]
[LiveChessVersion "1.4.8"]

1. Nf3 {[%clk 0:03:03]} Nf6 {[%clk 0:03:04]} 2. g3 {[%clk 0:03:03]} g6
{[%clk 0:03:05]} 3. Bg2 {[%clk 0:03:04]} Bg7 {[%clk 0:03:06]} 4. O-O
{[%clk 0:03:04]} O-O {[%clk 0:03:07]} 5. d3 {[%clk 0:03:03]} c5 {[%clk 0:03:07]}
6. e4 {[%clk 0:03:03]} d6 {[%clk 0:03:08]} 7. c3 {[%clk 0:03:02]} Nc6
{[%clk 0:03:09]} 8. h3 {[%clk 0:03:01]} Rb8 {[%clk 0:03:09]} 9. a4
{[%clk 0:02:41]} a6 {[%clk 0:03:10]} 10. Be3 {[%clk 0:02:41]} b5 {[%clk 0:03:04]}
11. Nbd2 {[%clk 0:02:41]} b4 {[%clk 0:03:03]} 12. d4 {[%clk 0:02:41]} bxc3
{[%clk 0:02:53]} 13. bxc3 {[%clk 0:02:42]} cxd4 {[%clk 0:02:30]} 14. cxd4
{[%clk 0:02:44]} Bd7 {[%clk 0:02:26]} 15. Qe2 {[%clk 0:02:37]} a5
{[%clk 0:02:21]} 16. Rfc1 {[%clk 0:02:24]} Nb4 {[%clk 0:02:21]} 17. d5
{[%clk 0:02:22]} Qe8 {[%clk 0:02:16]} 18. Nd4 {[%clk 0:02:10]} Bxa4
{[%clk 0:02:13]} 19. Nc4 {[%clk 0:02:11]} Na6 {[%clk 0:01:36]} 20. Nxa5
{[%clk 0:02:09]} Nc5 {[%clk 0:01:36]} 21. Nac6 {[%clk 0:01:50]} Bxc6
{[%clk 0:01:37]} 22. Nxc6 {[%clk 0:01:49]} Nfxe4 {[%clk 0:01:24]} 23. Ra7
{[%clk 0:01:49]} Kh8 {[%clk 0:01:11]} 24. Nxb8 {[%clk 0:01:48]} Qxb8
{[%clk 0:01:12]} 25. Rxe7 {[%clk 0:01:47]} Nc3 {[%clk 0:01:13]} 26. Qc4
{[%clk 0:01:23]} Qb2 {[%clk 0:01:06]} 27. Kh2 {[%clk 0:01:11]} Kg8
{[%clk 0:00:45]} 28. Re1 {[%clk 0:01:01]} N3a4 {[%clk 0:00:27]} 29. Re2
{[%clk 0:00:48]} Qa1 {[%clk 0:00:19]} 30. Ra2 {[%clk 0:00:41]} Qd1
{[%clk 0:00:19]} 31. Ra7 {[%clk 0:00:33]} Nc3 {[%clk 0:00:19]} 32. Ra1
{[%clk 0:00:30]} Qc2 {[%clk 0:00:15]} 33. Ra8 {[%clk 0:00:30]} h6
{[%clk 0:00:10]} 34. Rxf8+ {[%clk 0:00:29]} Bxf8 {[%clk 0:00:11]} 35. Ra8
{[%clk 0:00:30]} Kg7 {[%clk 0:00:08]} 36. Bd4+ {[%clk 0:00:28]} Kg8
{[%clk 0:00:09]} 37. Qxc3 {[%clk 0:00:28]} 1-0

[Event "Team Championship Russia (Blitz, Men)"]
[Site "Sochi"]
[Date "2018.10.10"]
[Round "13.21"]
[White "Alekseenko, Kirill"]
[Black "Girshgorn, Leonid"]
[Result "1-0"]
[BlackElo "2242"]
[WhiteElo "2613"]
[LiveChessVersion "1.4.8"]

1. e4 {[%clk 0:03:03]} c6 {[%clk 0:03:04]} 2. d4 {[%clk 0:03:04]} d5
{[%clk 0:03:04]} 3. e5 {[%clk 0:03:05]} Bf5 {[%clk 0:03:05]} 4. Nf3
{[%clk 0:03:05]} e6 {[%clk 0:03:06]} 5. Be2 {[%clk 0:03:06]} Nd7 {[%clk 0:03:05]}
6. O-O {[%clk 0:03:05]} h6 {[%clk 0:03:04]} 7. Nbd2 {[%clk 0:03:03]} Ne7
{[%clk 0:03:05]} 8. Nb3 {[%clk 0:03:02]} g5 {[%clk 0:03:01]} 9. Ne1
{[%clk 0:02:54]} Bg7 {[%clk 0:03:00]} 10. Bd2 {[%clk 0:02:34]} c5
{[%clk 0:02:44]} 11. c3 {[%clk 0:02:28]} Nc6 {[%clk 0:02:36]} 12. Nc2
{[%clk 0:02:24]} O-O {[%clk 0:02:13]} 13. Ne3 {[%clk 0:02:25]} Bg6
{[%clk 0:02:14]} 14. Bh5 {[%clk 0:01:54]} cxd4 {[%clk 0:02:10]} 15. cxd4
{[%clk 0:01:55]} Qb6 {[%clk 0:02:07]} 16. Bc3 {[%clk 0:01:52]} a5
{[%clk 0:02:03]} 17. Bxg6 {[%clk 0:01:33]} fxg6 {[%clk 0:02:04]} 18. Qg4
{[%clk 0:01:22]} Ne7 {[%clk 0:01:27]} 19. g3 {[%clk 0:01:17]} a4 {[%clk 0:01:23]}
20. Nd2 {[%clk 0:01:18]} Nf5 {[%clk 0:01:06]} 21. a3 {[%clk 0:01:12]} Kh7
{[%clk 0:01:05]} 22. Rae1 {[%clk 0:01:10]} Rf7 {[%clk 0:01:04]} 23. Ng2
{[%clk 0:01:09]} Raf8 {[%clk 0:01:03]} 24. Kh1 {[%clk 0:01:06]} h5
{[%clk 0:00:40]} 25. Qd1 {[%clk 0:01:00]} Nxd4 {[%clk 0:00:34]} 26. f4
{[%clk 0:00:56]} gxf4 {[%clk 0:00:31]} 27. Nxf4 {[%clk 0:00:56]} Bxe5
{[%clk 0:00:23]} 28. Qxa4 {[%clk 0:00:40]} Qc6 {[%clk 0:00:03]} 29. Qd1
{[%clk 0:00:37]} Qd6 {[%clk 0:00:03]} 30. Bxd4 {[%clk 0:00:33]} Bxd4
{[%clk 0:00:04]} 31. Rxe6 {[%clk 0:00:30]} Qc5 {[%clk 0:00:03]} 32. Rxg6
{[%clk 0:00:29]} Nf6 {[%clk 0:00:04]} 33. Ne6 {[%clk 0:00:26]} Qc8 34. Rfxf6 1-0

[Event "Team Championship Russia (Blitz, Men)"]
[Site "Sochi"]
[Date "2018.10.10"]
[Round "13.23"]
[White "Usmanov, Vasily"]
[Black "Mochalin, Faddey"]
[Result "1-0"]
[BlackElo "1886"]
[WhiteElo "2446"]
[LiveChessVersion "1.4.8"]

1. d4 {[%clk 0:03:03]} d5 {[%clk 0:03:04]} 2. c4 {[%clk 0:03:05]} c6
{[%clk 0:03:05]} 3. Nf3 {[%clk 0:03:06]} Nf6 {[%clk 0:03:06]} 4. Qc2
{[%clk 0:03:06]} g6 {[%clk 0:03:05]} 5. Bf4 {[%clk 0:03:07]} Bg7 {[%clk 0:03:05]}
6. e3 {[%clk 0:03:08]} O-O {[%clk 0:03:05]} 7. Bd3 {[%clk 0:03:07]} dxc4
{[%clk 0:02:58]} 8. Qxc4 {[%clk 0:03:04]} Qb6 {[%clk 0:02:46]} 9. Qc1
{[%clk 0:02:36]} Na6 {[%clk 0:02:07]} 10. O-O {[%clk 0:02:31]} Nb4
{[%clk 0:02:07]} 11. Bc4 {[%clk 0:02:23]} Bf5 {[%clk 0:02:06]} 12. Na3
{[%clk 0:02:05]} c5 {[%clk 0:02:06]} 13. dxc5 {[%clk 0:02:05]} Qxc5
{[%clk 0:02:07]} 14. Bxf7+ {[%clk 0:02:05]} Rxf7 {[%clk 0:01:50]} 15. Qxc5
{[%clk 0:02:05]} Nd3 {[%clk 0:01:52]} 16. Qc7 {[%clk 0:01:52]} e5
{[%clk 0:01:44]} 17. Qc4 {[%clk 0:01:50]} Rc8 {[%clk 0:01:35]} 18. Qb3
{[%clk 0:01:28]} Nc5 {[%clk 0:01:24]} 19. Qxf7+ {[%clk 0:01:24]} Kxf7
{[%clk 0:01:24]} 20. Bxe5 {[%clk 0:01:25]} Nd3 {[%clk 0:01:01]} 21. Bd4
{[%clk 0:01:24]} a6 {[%clk 0:00:48]} 22. Rad1 {[%clk 0:01:20]} Nd7
{[%clk 0:00:07]} 23. Ng5+ {[%clk 0:01:11]} Kg8 {[%clk 0:00:07]} 24. Bxg7
{[%clk 0:01:11]} Kxg7 {[%clk 0:00:08]} 25. e4 {[%clk 0:01:12]} Nxb2
{[%clk 0:00:05]} 26. exf5 {[%clk 0:01:13]} Nxd1 {[%clk 0:00:06]} 27. Rxd1
{[%clk 0:01:13]} Ne5 {[%clk 0:00:04]} 28. fxg6 {[%clk 0:01:10]} Kxg6
{[%clk 0:00:05]} 29. Ne6 {[%clk 0:01:10]} Rc3 {[%clk 0:00:04]} 30. Nb1
{[%clk 0:01:05]} Rc2 {[%clk 0:00:04]} 31. a3 {[%clk 0:01:05]} b5 {[%clk 0:00:03]}
32. Nd4 {[%clk 0:01:04]} Rc4 {[%clk 0:00:03]} 33. h3 {[%clk 0:00:57]} h5
{[%clk 0:00:04]} 34. f4 {[%clk 0:00:57]} Nf7 {[%clk 0:00:04]} 35. Kf2
{[%clk 0:00:58]} Nd6 {[%clk 0:00:03]} 36. g4 {[%clk 0:00:58]} Ne4+
{[%clk 0:00:04]} 37. Ke3 {[%clk 0:00:58]} Nc5 {[%clk 0:00:05]} 38. f5+
{[%clk 0:00:53]} Kg5 {[%clk 0:00:05]} 39. Nf3+ {[%clk 0:00:53]} Kf6
{[%clk 0:00:06]} 40. Rd6+ {[%clk 0:00:49]} Ke7 {[%clk 0:00:07]} 41. Rh6
{[%clk 0:00:46]} hxg4 {[%clk 0:00:08]} 42. hxg4 {[%clk 0:00:47]} Rxg4
{[%clk 0:00:08]} 43. Nbd2 {[%clk 0:00:46]} Ra4 {[%clk 0:00:08]} 44. Nd4
{[%clk 0:00:21]} Rxa3+ {[%clk 0:00:09]} 45. Kf4 {[%clk 0:00:22]} Nd3+
{[%clk 0:00:08]} 46. Ke4 {[%clk 0:00:23]} Nf2+ {[%clk 0:00:06]} 47. Kd5
{[%clk 0:00:21]} Ng4 {[%clk 0:00:07]} 48. Re6+ {[%clk 0:00:22]} Kf7
{[%clk 0:00:07]} 49. Ne4 {[%clk 0:00:18]} Ne3+ {[%clk 0:00:06]} 50. Ke5
{[%clk 0:00:19]} Nc4+ {[%clk 0:00:04]} 51. Kd5 {[%clk 0:00:17]} Ne3+
{[%clk 0:00:05]} 52. Ke5 {[%clk 0:00:19]} Nc4+ {[%clk 0:00:06]} 53. Kf4
{[%clk 0:00:20]} b4 {[%clk 0:00:05]} 54. Nd6+ {[%clk 0:00:16]} Kf8
{[%clk 0:00:05]} 55. Re8+ {[%clk 0:00:16]} Kg7 {[%clk 0:00:06]} 56. Nxc4
{[%clk 0:00:15]} Rc3 {[%clk 0:00:04]} 57. Ne5 {[%clk 0:00:13]} b3
{[%clk 0:00:03]} 58. Rb8 {[%clk 0:00:12]} a5 {[%clk 0:00:00]} 59. Ke4 1-0

[Event "Team Championship Russia (Blitz, Men)"]
[Site "Sochi"]
[Date "2018.10.10"]
[Round "13.24"]
[White "Dudin, Gleb"]
[Black "Romanov, Evgeny"]
[Result "0-1"]
[BlackElo "2523"]
[WhiteElo "2079"]
[LiveChessVersion "1.4.8"]

1. d4 {[%clk 0:03:03]} Nf6 {[%clk 0:03:03]} 2. c4 b6 3. Nf3 {[%clk 0:02:56]} Bb7
{[%clk 0:03:06]} 4. e3 {[%clk 0:02:57]} g6 {[%clk 0:03:06]} 5. Nc3
{[%clk 0:02:57]} Bg7 {[%clk 0:03:07]} 6. Be2 {[%clk 0:02:57]} O-O
{[%clk 0:03:07]} 7. O-O {[%clk 0:02:58]} e6 {[%clk 0:03:08]} 8. Qc2
{[%clk 0:02:48]} c5 {[%clk 0:03:04]} 9. b3 {[%clk 0:02:44]} cxd4 {[%clk 0:03:04]}
10. Nxd4 {[%clk 0:02:39]} a6 {[%clk 0:02:52]} 11. Bb2 {[%clk 0:02:40]} Qc7
{[%clk 0:02:52]} 12. Rac1 {[%clk 0:02:22]} d6 {[%clk 0:02:50]} 13. Rfd1
{[%clk 0:01:58]} Nbd7 {[%clk 0:02:50]} 14. Bf3 {[%clk 0:01:39]} Rfd8
{[%clk 0:02:50]} 15. Qe2 {[%clk 0:01:05]} Ne5 {[%clk 0:02:41]} 16. Bxb7
{[%clk 0:01:04]} Qxb7 {[%clk 0:02:43]} 17. Nf3 {[%clk 0:00:51]} Nc6
{[%clk 0:02:34]} 18. Rd2 {[%clk 0:00:35]} b5 {[%clk 0:02:02]} 19. cxb5
{[%clk 0:00:24]} axb5 {[%clk 0:02:03]} 20. Nxb5 {[%clk 0:00:22]} Ne4
{[%clk 0:02:04]} 21. Bxg7 {[%clk 0:00:19]} Nxd2 {[%clk 0:01:54]} 22. Bf6
{[%clk 0:00:10]} Nxf3+ {[%clk 0:01:55]} 23. Qxf3 {[%clk 0:00:10]} Qxb5
{[%clk 0:01:53]} 24. Bxd8 {[%clk 0:00:10]} d5 {[%clk 0:01:41]} 25. Bf6
{[%clk 0:00:10]} Rxa2 {[%clk 0:01:41]} 26. Qh3 {[%clk 0:00:09]} Qe2
{[%clk 0:01:32]} 27. Rf1 {[%clk 0:00:07]} h5 {[%clk 0:01:03]} 28. Qh4
{[%clk 0:00:06]} Qb5 {[%clk 0:00:35]} 29. Qg5 {[%clk 0:00:05]} Kh7
{[%clk 0:00:36]} 30. h3 {[%clk 0:00:05]} Qxb3 {[%clk 0:00:28]} 31. g4
{[%clk 0:00:06]} Qd3 {[%clk 0:00:23]} 32. gxh5 {[%clk 0:00:06]} Qf5
{[%clk 0:00:22]} 33. hxg6+ {[%clk 0:00:07]} Qxg6 {[%clk 0:00:23]} 34. Qxg6+
{[%clk 0:00:05]} Kxg6 {[%clk 0:00:24]} 35. Bh4 {[%clk 0:00:05]} Nb4
{[%clk 0:00:24]} 36. Bg3 {[%clk 0:00:05]} Kf5 {[%clk 0:00:24]} 37. Rb1
{[%clk 0:00:04]} Nd3 {[%clk 0:00:24]} 38. Kg2 {[%clk 0:00:03]} e5
{[%clk 0:00:23]} 39. Rb7 {[%clk 0:00:04]} f6 {[%clk 0:00:24]} 40. h4
{[%clk 0:00:04]} Ne1+ {[%clk 0:00:25]} 41. Kf1 {[%clk 0:00:04]} Nf3
{[%clk 0:00:25]} 42. Kg2 {[%clk 0:00:04]} e4 {[%clk 0:00:26]} 43. Rh7
{[%clk 0:00:04]} Ra1 {[%clk 0:00:27]} 44. Rh5+ {[%clk 0:00:05]} Ke5 0-1

[Event "Team Championship Russia (Blitz, Men)"]
[Site "Sochi"]
[Date "2018.10.10"]
[Round "13.25"]
[White "Oparin, Grigoriy"]
[Black "Paravyan, David"]
[Result "1-0"]
[BlackElo "2634"]
[WhiteElo "2550"]
[LiveChessVersion "1.4.8"]

1. c4 {[%clk 0:03:03]} e5 {[%clk 0:03:03]} 2. Nc3 {[%clk 0:03:04]} Bb4
{[%clk 0:03:04]} 3. Nd5 {[%clk 0:03:05]} Be7 {[%clk 0:03:05]} 4. g3
{[%clk 0:03:02]} Nf6 {[%clk 0:03:04]} 5. Nxe7 {[%clk 0:03:02]} Qxe7
{[%clk 0:03:05]} 6. Bg2 {[%clk 0:03:03]} Nc6 {[%clk 0:03:03]} 7. d3
{[%clk 0:03:01]} O-O {[%clk 0:03:00]} 8. Nf3 {[%clk 0:03:02]} d5 {[%clk 0:02:55]}
9. cxd5 {[%clk 0:03:03]} Nxd5 {[%clk 0:02:56]} 10. O-O {[%clk 0:03:03]} Rd8
{[%clk 0:02:54]} 11. Bd2 {[%clk 0:02:48]} Bg4 {[%clk 0:02:50]} 12. Rc1
{[%clk 0:02:48]} Nf6 {[%clk 0:02:34]} 13. Qe1 {[%clk 0:02:23]} a5
{[%clk 0:02:11]} 14. a3 {[%clk 0:02:21]} a4 {[%clk 0:02:05]} 15. h3
{[%clk 0:02:10]} Be6 {[%clk 0:02:00]} 16. Be3 {[%clk 0:01:54]} Bd5
{[%clk 0:01:58]} 17. Qc3 {[%clk 0:01:47]} h6 {[%clk 0:01:51]} 18. Rfe1
{[%clk 0:01:41]} Qe6 {[%clk 0:01:51]} 19. Qc5 {[%clk 0:01:16]} Ra5
{[%clk 0:01:48]} 20. Qc3 {[%clk 0:01:17]} Rb5 {[%clk 0:01:48]} 21. Qc2
{[%clk 0:01:15]} Rd7 {[%clk 0:01:42]} 22. Qxa4 {[%clk 0:00:48]} Rxb2
{[%clk 0:01:43]} 23. Rb1 {[%clk 0:00:50]} Rxb1 {[%clk 0:01:10]} 24. Rxb1
{[%clk 0:00:50]} b6 {[%clk 0:01:07]} 25. Rc1 {[%clk 0:00:51]} e4 {[%clk 0:00:45]}
26. dxe4 {[%clk 0:00:42]} Bxe4 {[%clk 0:00:46]} 27. Qa8+ {[%clk 0:00:10]} Rd8
{[%clk 0:00:39]} 28. Qa4 {[%clk 0:00:12]} Kh7 {[%clk 0:00:30]} 29. Ne1
{[%clk 0:00:08]} Bxg2 {[%clk 0:00:26]} 30. Nxg2 {[%clk 0:00:09]} Ne5
{[%clk 0:00:09]} 31. Qc2+ {[%clk 0:00:10]} Ng6 {[%clk 0:00:09]} 32. Nf4
{[%clk 0:00:11]} Qd7 {[%clk 0:00:03]} 33. Nxg6 {[%clk 0:00:11]} fxg6
{[%clk 0:00:04]} 34. Qxc7 {[%clk 0:00:11]} Qxh3 {[%clk 0:00:03]} 35. Qxd8
{[%clk 0:00:09]} g5 {[%clk 0:00:03]} 36. Qd3+ {[%clk 0:00:09]} Kh8
{[%clk 0:00:04]} 37. Qd8+ {[%clk 0:00:06]} Kh7 {[%clk 0:00:05]} 38. Qa8
{[%clk 0:00:07]} Qf5 {[%clk 0:00:05]} 39. Qf3 {[%clk 0:00:08]} Qe6
{[%clk 0:00:05]} 40. Bd4 {[%clk 0:00:09]} Nd5 {[%clk 0:00:05]} 41. e4
{[%clk 0:00:09]} Ne7 {[%clk 0:00:06]} 42. Rc7 {[%clk 0:00:09]} Qd6
{[%clk 0:00:07]} 43. Qc3 {[%clk 0:00:09]} 1-0

[Event "Team Championship Russia (Blitz, Men)"]
[Site "Sochi"]
[Date "2018.10.10"]
[Round "13.26"]
[White "Antipov, Mikhail Al."]
[Black "Diakonova, Ekaterina"]
[Result "1-0"]
[BlackElo "2065"]
[WhiteElo "2491"]
[LiveChessVersion "1.4.8"]

1. e4 {[%clk 0:03:03]} c5 {[%clk 0:02:53]} 2. Nf3 {[%clk 0:03:04]} g6
{[%clk 0:02:55]} 3. d4 {[%clk 0:03:04]} cxd4 {[%clk 0:02:56]} 4. Nxd4
{[%clk 0:03:04]} Nf6 {[%clk 0:02:57]} 5. Nc3 {[%clk 0:02:55]} Nc6
{[%clk 0:02:56]} 6. Bc4 {[%clk 0:02:55]} Bg7 {[%clk 0:02:52]} 7. Nxc6
{[%clk 0:02:53]} bxc6 {[%clk 0:02:47]} 8. e5 {[%clk 0:02:51]} Ng8
{[%clk 0:02:44]} 9. Qf3 {[%clk 0:02:42]} f6 {[%clk 0:02:36]} 10. O-O
{[%clk 0:02:34]} a5 {[%clk 0:02:31]} 11. Rd1 {[%clk 0:02:14]} Bb7
{[%clk 0:01:27]} 12. Ne4 {[%clk 0:01:29]} Ba6 {[%clk 0:00:21]} 13. Be6
{[%clk 0:00:22]} Ra7 {[%clk 0:00:18]} 14. Nc5 {[%clk 0:00:19]} d5
{[%clk 0:00:14]} 15. exd6 {[%clk 0:00:15]} 1-0